|
|
|
|
| LEADER |
01901nam a2200481 i 4500 |
| 001 |
nkc20172927737 |
| 003 |
CZ PrNK |
| 005 |
20221206075521.0 |
| 007 |
ta |
| 008 |
170817s2017 xr a e p 000 0 cze |
| 015 |
|
|
|a cnb002927737
|
| 020 |
|
|
|a 978-80-7080-986-0
|q (brožováno)
|
| 035 |
|
|
|a (OCoLC)1005711178
|
| 040 |
|
|
|a BOA001
|b cze
|e rda
|
| 072 |
|
7 |
|a 57
|x Obecná biologie
|2 Konspekt
|9 2
|
| 072 |
|
7 |
|a 37.016
|x Učební osnovy. Vyučovací předměty. Učebnice
|2 Konspekt
|9 22
|
| 080 |
|
|
|a 579.69
|2 MRF
|
| 080 |
|
|
|a 574.65
|2 MRF
|
| 080 |
|
|
|a (075.8)
|2 MRF
|
| 100 |
1 |
|
|a Říhová Ambrožová, Jana,
|d 1972-
|7 mzk2003193081
|4 aut
|
| 245 |
1 |
0 |
|a Technická mikrobiologie a hydrobiologie /
|c Jana Říhová Ambrožová, Dana Vejmelková, Pavlína Čiháková
|
| 250 |
|
|
|a Vydání: první
|
| 264 |
|
1 |
|a Praha :
|b Vysoká škola chemicko-technologická v Praze,
|c 2017
|
| 300 |
|
|
|a 165 stran :
|b ilustrace ;
|c 29 cm
|
| 336 |
|
|
|a text
|b txt
|2 rdacontent
|
| 337 |
|
|
|a bez média
|b n
|2 rdamedia
|
| 338 |
|
|
|a svazek
|b nc
|2 rdacarrier
|
| 504 |
|
|
|a Obsahuje bibliografii
|
| 650 |
0 |
7 |
|a technická mikrobiologie
|7 ph126463
|2 czenas
|
| 650 |
0 |
7 |
|a technická hydrobiologie
|7 ph301307
|2 czenas
|
| 650 |
0 |
9 |
|a technical microbiology
|2 eczenas
|
| 650 |
0 |
9 |
|a technical hydrobiology
|2 eczenas
|
| 655 |
|
7 |
|a učebnice vysokých škol
|7 fd133772
|2 czenas
|
| 655 |
|
9 |
|a textbooks (higher)
|2 eczenas
|
| 700 |
1 |
|
|a Vejmelková, Dana
|7 jo2017964121
|4 aut
|
| 700 |
1 |
|
|a Čiháková, Pavlína
|7 ntk2017963225
|4 aut
|
| 710 |
2 |
|
|a Vysoká škola chemicko-technologická v Praze
|7 kn20010710384
|4 isb
|
| 910 |
2 |
|
|a BOA001
|b 4-1393.562
|
| 990 |
|
|
|a BK
|
| 995 |
|
|
|a 01
|
| 991 |
|
|
|b 201709
|c NOV
|
| 996 |
6 |
|
|b 2610717671
|c 4-1393.562
|l MZK
|r Sklad / do 1 hodiny
|n 10
|p p.v.
|w 001627809
|u 000010
|a 1
|e BOA001
|j MZK50
|s P
|
| 996 |
7 |
|
|b 2610923889
|c 4-1393.562
|l Vol.výběr
|r VV 0p
|n 1
|p kup
|h 578/579 TEC
|w 001627809
|u 000020
|a 0
|e BOA001
|j MZK50
|s A
|